000 00314nam a22001337a 4500
008 210303b ||||| |||| 00| 0 eng d
020 _a9780321613370
041 _aeng
080 _24th
_a510
100 _a36
101 _aMAT
245 _aIntrodutory and Intermediate ALGEBRA
_cNittinger,L.M
942 _2udc
_cBK
999 _c55604
_d55604